|
|
|
|
| LEADER |
01063nam a22002894a 4500 |
| 001 |
7088 |
| 003 |
BD-DhAAL |
| 005 |
20150221194010.0 |
| 008 |
150221s2004 cau b 001 0 eng |
| 010 |
|
|
|a 2003013866
|
| 020 |
|
|
|a 0787971154 (alk. paper)
|
| 040 |
|
|
|a DLC
|c DLC
|d DLC
|d BD-DhAAL
|
| 050 |
0 |
0 |
|a HQ734
|b .K682 2004
|
| 082 |
0 |
0 |
|a 306.85
|2 21
|
| 100 |
1 |
|
|a Kornhaber, Arthur.
|9 8289
|
| 245 |
1 |
4 |
|a The grandparent solution :
|b how parents can build a family team for practical, emotional, and financial success /
|c Arthur Kornhaber.
|
| 250 |
|
|
|a 1st ed.
|
| 260 |
|
|
|a San Francisco :
|b Jossey-Bass,
|c c2004.
|
| 300 |
|
|
|a viii, 245 p. ;
|c 23 cm.
|
| 504 |
|
|
|a Includes bibliographical references (p. 227-232) and index.
|
| 541 |
|
|
|e 7088
|
| 650 |
|
0 |
|a Families.
|9 8702
|
| 650 |
|
0 |
|a Parent and adult child.
|9 8703
|
| 650 |
|
0 |
|a Grandparents.
|9 8704
|
| 942 |
|
|
|2 ddc
|c BK
|
| 999 |
|
|
|c 33768
|d 33768
|
| 952 |
|
|
|0 0
|1 0
|2 ddc
|4 0
|6 306_850000000000000_KOR
|7 0
|9 52737
|a SCL
|b SCL
|c GEN
|d 2015-02-21
|e Gift: The Asia Foundation
|l 0
|o 306.85 KOR
|p 3020007088
|r 2015-02-21
|t 1
|w 2015-02-21
|y BK
|